Counties of New England Quiz - Statistics

General Stats
  • This quiz has been taken 46 times
  • The average score is 42 of 67
Answer Stats
County % Correct
Berkshire
87%
Worcester
87%
Essex
83%
Essex
83%
Middlesex
83%
Middlesex
83%
Norfolk
83%
Dukes
78%
Franklin
78%
Franklin
78%
Franklin
78%
Hampden
78%
Hampshire
78%
Nantucket
78%
Providence
78%
Suffolk
78%
Washington
78%
Washington
78%
Washington
78%
Bristol
74%
Bristol
74%
Hartford
74%
Kent
74%
New Haven
74%
Barnstable
70%
Plymouth
70%
Rockingham
70%
Coos
65%
New London
65%
Rutland
65%
Belknap
61%
Grafton
61%
Lincoln
61%
Newport
61%
Windham
61%
Windham
61%
York
61%
Addison
57%
Carroll
57%
Cheshire
57%
Cumberland
57%
Sullivan
57%
Tolland
57%
Androscoggin
52%
Aroostook
52%
Chittenden
52%
Fairfield
52%
Hillsborough
52%
Litchfield
52%
Merrimack
52%
Orleans
52%
Strafford
52%
Windsor
52%
Orange
48%
Waldo
48%
Bennington
43%
Grand Isle
43%
Oxford
43%
Penobscot
43%
Piscataquis
43%
Caledonia
39%
Hancock
39%
Kennebec
39%
Lamoille
39%
Somerset
39%
Sagadahoc
35%
Knox
30%
No matching quizzes found
Score Distribution
Percent of People with Each Score
Percentile by Number Answered
Your Score History
You have not taken this quiz